=LDR 00000nam 2200000 4500 =001 INLIS000000000045684 =005 20170204113857.0 =006 =007 =008 =020 ##$$a 978-602-221-130-3 =035 ##$$0010-021500000000244 =040 ##$$a NBPDMAT =082 ##$$a 665.7 =090 ##$$a 665.7 $b Jim b =100 ##$$a Jim Pipe =245 ##$$a Bahan Bakar Gas Bahan Bakar Bersih ? / Jim Pipe ; Penerjemah, REnata Pohan =260 ##$$a Jakarta $b Gading Yanti Prima $c 2013 =300 ##$$a iv, 52 hlm $b Ilus $c 24 cm =650 ##$$a Bahan BAkar Gas =700 ##$$a Renata Pohan